000 00724nam a2200253Ia 4500
005 20220316235557.0
008 121119s1997 mx gr 000 0 spa
020 _a9706510311
041 0 _aspa
082 0 4 _a302.14
_bR27D
100 1 _aRestrepo, Luis Carlos
245 1 3 _aEl derecho a la ternura
_cLuis Carlos Restrepo
250 _aPrimera edición
300 _a141 páginas
_c21 cm
650 1 4 _aAfecto
_2LEMB
650 1 4 _aÉtica social
_2LEMB
650 1 4 _aRelaciones humanas
_2LEMB
942 _2ddc
_cBK
264 _aMéxico
_bArango
_c1997
336 _atexto
_btxt
_2rdacontent
337 _asin mediación
_bn
_2rdamedia
338 _avolumen
_bnc
_2rdacarrier
040 _aCO-BoRNBP
_bspa
_erda
_cCO-BoRNBP
999 _c1427
_d1427